|
|
|
|
| LEADER |
00000cas a2200000 a 4500 |
| 001 |
vtls010298816 |
| 003 |
SK-MaSNL |
| 005 |
20260228162420.0 |
| 008 |
200401d19291936xo mr|p r 0 b0slo |
| 015 |
|
|
|a SNBDS17XX9999
|
| 015 |
|
|
|a 0945
|2 Kipsová 1919-38
|
| 038 |
|
|
|a SNKBUDS
|
| 040 |
|
|
|a SNK
|b slo
|c SNK
|e AACR2
|
| 041 |
0 |
|
|a slo
|
| 044 |
|
|
|a xo
|c SK
|
| 072 |
|
7 |
|a 376
|x Výchova a vzdelávanie zvláštnych skupín osôb
|2 konspekt
|
| 072 |
|
7 |
|a 27
|x Kresťanstvo. Kresťanská cirkev všeobecne. Ekleziológia
|2 konspekt
|
| 072 |
|
7 |
|a 2
|x Náboženstvo
|2 konspekt
|
| 072 |
|
7 |
|a 371
|x Školstvo (organizácia)
|2 konspekt
|
| 072 |
|
7 |
|a 050
|2 2001
|
| 080 |
|
|
|a 272/273
|2 2001
|
| 080 |
|
|
|a 070.482
|2 2001
|
| 080 |
|
|
|a 2
|2 2001
|
| 080 |
|
|
|a 27
|2 001
|
| 080 |
|
|
|a 371
|2 2001
|
| 080 |
|
|
|a 376
|2 2001
|
| 245 |
0 |
0 |
|a Zprávy katolíckej školskej rady na Slovensku
|
| 260 |
|
|
|a Rožňava
|b [Katolícka školská rada na Slovensku]
|c 1929-1936
|
| 300 |
|
|
|a 8 roč.
|c 29 cm
|
| 310 |
|
|
|a 1x mesačne
|
| 362 |
0 |
|
|a Roč. I, č. 1 (1929)-roč. VIII, č. 12 (december 1936)
|
| 500 |
|
|
|a Vych. v Rožňave [na začiatku každého mesiaca]
|
| 500 |
|
|
|a Red. Biskupský úrad v Rožňave
|
| 500 |
|
|
|a Vyd. [Katolícka školská rada na Slovensku]
|
| 525 |
|
|
|a Mal prílohu Zprávy pre vodcov „Sdruženia kat. mládeže na Slovensku“
|
| 580 |
|
|
|a Pokračoval pod názvom: Školské zprávy rim. a gr. kat. biskupských úradov na Slovensku a v Podkarpatskej Rusi
|
| 650 |
0 |
7 |
|a školstvo
|2 SNKPH
|9 19712
|
| 650 |
0 |
7 |
|a náboženstvo
|2 SNKPH
|9 2023
|
| 650 |
0 |
7 |
|a mládež
|2 SNKPH
|9 1575
|
| 655 |
|
7 |
|a náboženské časopisy
|2 SNKPH
|9 70790
|
| 655 |
|
7 |
|a špecializované časopisy
|2 SNKPH
|9 70509
|
| 785 |
0 |
0 |
|t Školské zprávy rim. a gr. kat. biskupských úradov na Slovensku a v Podkarpatskej Rusi
|w vtls010300527
|
| 910 |
|
|
|a snk
|
| 916 |
|
|
|a 1929-1936
|
| 999 |
|
|
|c 7849
|d 9779
|
| 952 |
|
|
|0 0
|1 0
|4 0
|7 0
|8 5
|a SNK
|b SNK
|d 2000-04-29
|f 1
|i snkF 354/68
|l 0
|o snkČSB 1150/8/1936
|p 17A0235967
|r 2005-01-02 00:00:00
|t č. 1-12, neúplné
|w 2026-02-21
|y PREZ
|z chýba č. 9
|
| 952 |
|
|
|0 0
|1 0
|4 0
|7 0
|8 5
|a SNK
|b SNK
|d 2000-04-29
|f 1
|i snkF 356/68
|l 0
|o snkČSB 1150/7/1935
|p 17A0235964
|r 2005-01-02 00:00:00
|t č. 1-12 + príl.
|w 2026-02-21
|y PREZ
|z Príloha: Zprávy pre vodcov ""Sdruženia kat. mládeže na Slovensku""
|
| 952 |
|
|
|0 0
|1 0
|4 0
|7 0
|8 5
|a SNK
|b SNK
|d 2000-04-29
|f 1
|i snkF 357/68
|l 0
|o snkČSB 1150/6/1934
|p 17A0235813
|r 2005-01-02 00:00:00
|t č. 1-12
|w 2026-02-21
|y PREZ
|
| 952 |
|
|
|0 0
|1 0
|4 0
|7 0
|8 5
|a SNK
|b SNK
|d 2000-04-29
|f 1
|i snkF 358/68
|l 0
|o snkČSB 1150/5/1933
|p 17A0235982
|r 2005-01-02 00:00:00
|t č. 1-12
|w 2026-02-21
|y PREZ
|
| 952 |
|
|
|0 0
|1 0
|4 0
|7 0
|8 5
|a SNK
|b SNK
|d 2000-04-29
|f 1
|i snkF 359/68
|l 0
|o snkČSB 1150/3/1931
|p 17A0235929
|r 2005-01-02 00:00:00
|t č. 1-12, neúplné
|w 2026-02-21
|y PREZ
|z chýba č. 8
|
| 952 |
|
|
|0 0
|1 0
|4 0
|7 0
|8 5
|a SNK
|b SNK
|d 2000-04-29
|f 1
|i snkF 360, 361/68
|l 0
|o snkČSB 1150/1-2/1929-30
|p 17A0235998
|r 2005-01-02 00:00:00
|t č. 1-9, č. 1-12 neúpl.
|w 2026-02-21
|y PREZ
|z V r. 1930 chýba č. 7, 11
|